Pohodlný nákup od písacieho stola

Obchod cez internet je už vo svete samozrejmosťou. Agentúra Mega and Loman v spolupráci s Katedrou marketingu EU v Bratislave uskutočnila prieskum používania slovenského internetu. Skúsenosti s nákupom cez internet na Slovensku. Elektronický obchod a jeho perspektívy. Model fungovania e-businessu. L...

ver descrição completa

Na minha lista:
Detalhes bibliográficos
Autor principal: Kavecký, František
Outros Autores: Kapšová, Renata
Formato: Capítulo de Livro
Idioma:eslovaco
Assuntos:
Tags: Adicionar Tag
Sem tags, seja o primeiro a adicionar uma tag!

MARC

LEADER 00000naa a2200000 4500
001 r035792
005 20230929100314.8
041 0 |a slo 
044 |a SK 
245 1 0 |a Pohodlný nákup od písacieho stola  |c František Kavecký, Renata Kapšová 
520 |a Obchod cez internet je už vo svete samozrejmosťou. Agentúra Mega and Loman v spolupráci s Katedrou marketingu EU v Bratislave uskutočnila prieskum používania slovenského internetu. Skúsenosti s nákupom cez internet na Slovensku. Elektronický obchod a jeho perspektívy. Model fungovania e-businessu. Legislatíva a technické predpoklady využívania e-businessu v SR. 
610 2 0 |a obchod elektronický 
610 2 0 |a prieskum trhu 
610 2 0 |a legislatíva 
610 2 0 |a internetbanking 
610 2 0 |a spotrebitelia 
610 2 0 |a karty platobné 
610 2 0 |a Slovensko 
610 2 0 |a internet 
100 1 |a Kavecký, František 
700 1 |a Kapšová, Renata